Societal Culture and Management

Gespeichert in:
Bibliographische Detailangaben
Weitere Verfasser: Weinshall, Theodore D.
Format: Buch
Sprache:Englisch
Veröffentlicht: Berlin De Gruyter 1993
Ausgabe:1. ed.
Schriftenreihe:De Gruyter Studies in Organization 44
Schlagworte:
Tags: Tag hinzufügen
Keine Tags, Fügen Sie das erste Tag hinzu!

MARC

LEADER 00000nam a2200000 4500
001 c010230
005 20221206075030.7
020 |a 3-11-012211-1 
041 0 |a eng 
044 |a DE 
245 1 0 |a Societal Culture and Management  |c Edit. Theodore D. Weinshall 
250 |a 1. ed. 
264 1 |a Berlin  |b De Gruyter  |c 1993 
300 |a 587 s. 
490 1 |a De Gruyter Studies in Organization  |v 44 
830 0 |a De Gruyter Studies in Organization  |v 44 
610 2 0 |a manažment 
610 2 0 |a riadenie výroby 
610 2 0 |a kultúra podniková 
610 2 0 |a organizácia riadenia 
610 2 0 |a manažment medzinárodný 
610 2 0 |a kultúra procesu pracovného 
610 2 0 |a psychológia riadenia 
610 2 0 |a manažéri 
610 2 0 |a spoločnosti nadnárodné 
700 1 |a Weinshall, Theodore D.